Gods and Heroes of the European Bronze Age /

Publicación acompañante de la exhibición itinerante Dioses y héroes de la Europa de la Era del Bronce en la época de Ulises, que recorrió recintos de Copenhage, Dinamarca; Bonn, Alemania; París, Francia y Atenas, Grecia durante el período comprendido entre diciembre de 1998 y mayo de 2000. Contiene...

Descrizione completa

Salvato in:
Dettagli Bibliografici
Ente Autore: Museo Nacional de Dinamarca
Altri autori: Demakopoulou, Katie (edición) (edición), Tarschys, Daniel (prólogo) (prólogo), Hvass, Steen (prefacio) (prefacio)
Natura: Libro
Lingua:inglese
Pubblicazione: Londres, Inglaterra : Thames and Hudson, 1999, c1998
Soggetti:
Tags: Aggiungi Tag
Nessun Tag, puoi essere il primo ad aggiungerne!!

MARC

LEADER 00000nam^a2200000^a^4500
001 000180921
005 20250521000000.0
009 20260310101915.768
020 |a 0-500-01915-0 
037 |a Acervo ITESO - Biblioteca 
041 |a ING 
082 |a 709. 4011  |b GOD 
245 0 0 |a Gods and Heroes of the European Bronze Age /  |c Museo Nacional de Dinamarca... [et al.] ; ed. e introd. de K. Demakopoulou... [et al.] ; pról. de D. Tarschys ; pref. de S. Hvass... [et al.] ; tr. por Melissa Thorson Hause, Steven Lindberg, John S. Southard. 
264 4 |a Londres, Inglaterra :  |b Thames and Hudson,  |c 1999, c1998 
300 |a XI, 303 p. 
336 |a texto  |b txt  |2 rdacontenido 
337 |a sin mediación  |b n  |2 rdamedio 
338 |a volumen  |b nc  |2 rdasoporte 
520 |a Publicación acompañante de la exhibición itinerante Dioses y héroes de la Europa de la Era del Bronce en la época de Ulises, que recorrió recintos de Copenhage, Dinamarca; Bonn, Alemania; París, Francia y Atenas, Grecia durante el período comprendido entre diciembre de 1998 y mayo de 2000. Contiene un catálogo con pequeñas fotografías, las fichas y breves descripciones de las casi 250 piezas de arte, porcedentes de 23 naciones, que integraron la exposición, pero el cuerpo principal de la publicación es un conjunto de estudios que dan cuenta de la profunda importancia de la Era del Bronce en el desarrollo de la civilización europea: el esparcimiento de la metalurgia, el surgimiento de una mayor especialización en el trabajo artesanal, el crecimiento en el intercambio y el comercio, el desarrollo de una mayor estratificación social y organización política y la aparición de la escritura en el continente son tan sólo algunos de los sucesos más importantes de un período tan esplendido en la historia cultural de Europa que muchas veces es rebautizado como la era dorada. 
649 |a XX 
650 |a Arte Prehistórico -  |z Europa -  |x Exposiciones 
650 |a Arte Prehistórico -  |z Europa -  |x Catálogos 
650 |a Arte Prehistórico -  |z Europa -  |x Historia y Crítica 
650 |a Arte Prehistórico -  |x Exposiciones 
650 |a Arte Prehistórico -  |x Catálogos 
650 |a Arte Prehistórico -  |x Historia y Crítica 
650 |a Arte Europeo -  |x Exposiciones 
650 |a Arte Europeo -  |x Catálogos 
650 |a Arte Europeo -  |x Historia y Crítica 
650 |a Europa -  |x Historia -  |y Hasta 476 
650 |a Edad de Bronce -  |x Historia 
650 |a Prehistoria 
650 |a Arqueología 
650 |a Museos Históricos -  |z Atenas, Grecia -  |x Exposiciones 
650 |a Museos y Galerías -  |z Atenas, Grecia -  |x Exposiciones 
650 |a Museos y Galerías -  |z Bonn, Alemania -  |x Exposiciones 
650 |a Museos y Galerías -  |z Copenhague, Dinamarca -  |x Exposiciones 
650 |a Museos y Galerías -  |z París, Francia -  |x Exposiciones 
710 |a Museo Nacional de Dinamarca 
700 |a Demakopoulou, Katie  |e (edición) 
700 |a Tarschys, Daniel  |e (prólogo) 
700 |a Hvass, Steen  |e (prefacio) 
910 |a Fondo General 
920 |a Impresos - Libros 
930 |a Reserva Especial 
905 |a 103 
901 |a 0500120627  |b IT1  |c REE  |u 20250521 
902 |a https://opac.biblio.iteso.mx/vufind/Record/000180921